Konsumentenverhalten
Salvato in:
| Autore principale: | |
|---|---|
| Natura: | Libro |
| Lingua: | tedesco |
| Pubblicazione: |
München
Vahlen
1992
|
| Edizione: | 5. überarb. und erg. Aufl. |
| Serie: | Vahlens Handbücher der Wirtschafts- und Sozialwissenschaften
|
| Soggetti: | |
| Tags: |
Nessun Tag, puoi essere il primo ad aggiungerne!!
|
MARC
| LEADER | 00000nam a2200000 4500 | ||
|---|---|---|---|
| 001 | c010965 | ||
| 005 | 20221214085835.7 | ||
| 020 | |a 3-8006-1656-4 | ||
| 041 | 0 | |a ger | |
| 044 | |a DE | ||
| 245 | 1 | 0 | |a Konsumentenverhalten |c Werner Kroeber-Riel |
| 250 | |a 5. überarb. und erg. Aufl. | ||
| 264 | 1 | |a München |b Vahlen |c 1992 | |
| 300 | |a 784 s. | ||
| 490 | 1 | |a Vahlens Handbücher der Wirtschafts- und Sozialwissenschaften | |
| 830 | 0 | |a Vahlens Handbücher der Wirtschafts- und Sozialwissenschaften | |
| 610 | 2 | 0 | |a spotrebitelia |
| 610 | 2 | 0 | |a správanie |
| 610 | 2 | 0 | |a výskum |
| 610 | 2 | 0 | |a spotreba |
| 610 | 2 | 0 | |a prostredie životné |
| 610 | 2 | 0 | |a komunikácia |
| 610 | 2 | 0 | |a psychológia predaja |
| 610 | 2 | 0 | |a nákup |
| 610 | 2 | 0 | |a modely |
| 610 | 2 | 0 | |a rozhodovanie |
| 100 | 1 | |a Kroeber-Riel, Werner | |